Visual Basic.net : A beginner's guide

Saved in:
Bibliographic Details
Main Author: Kent, Jeff
Format: Book
Language:Undetermined
Published: New York McGraw-Hill 2002
Subjects:
Tags: Add Tag
No Tags, Be the first to tag this record!
Institutions: Trung tâm Học liệu Trường Đại học Cần Thơ
LEADER 00528nam a2200205Ia 4500
001 CTU_61440
008 210402s9999 xx 000 0 und d
020 |c 372000 
082 |a 005.2768 
082 |b K37 
100 |a Kent, Jeff 
245 0 |a Visual Basic.net : 
245 2 |b A beginner's guide 
245 0 |c Jeff Kent 
260 |a New York 
260 |b McGraw-Hill 
260 |c 2002 
650 |a Basic ( computer program language ) 
904 |i Minh,Hải 
980 |a Trung tâm Học liệu Trường Đại học Cần Thơ